ARRUPE JESUIT UNIVERSITY

CORONAVIRUS -STOP THE SPREAD - CLEAN,DISINFECT,COVER

Bloomsbury good word guide / (Record no. 128623)

MARC details
000 -LEADER
fixed length control field 01213pam a2200277 a 4500
001 - CONTROL NUMBER
control field 2454203
003 - CONTROL NUMBER IDENTIFIER
control field ARRUPE
005 - DATE AND TIME OF LATEST TRANSACTION
control field 20181122093701.0
008 - FIXED-LENGTH DATA ELEMENTS--GENERAL INFORMATION
fixed length control field 890418r19891988nyu d 000 0 eng
010 ## - LIBRARY OF CONGRESS CONTROL NUMBER
LC control number 89033731
020 ## - INTERNATIONAL STANDARD BOOK NUMBER
International Standard Book Number 0886875706 :
Terms of availability $19.95
040 ## - CATALOGING SOURCE
Original cataloging agency DLC
Transcribing agency DLC
Modifying agency DLC
050 00 - LIBRARY OF CONGRESS CALL NUMBER
Classification number REF. PE1460
Item number .B655
Classification number PE1464
082 00 - DEWEY DECIMAL CLASSIFICATION NUMBER
Classification number 428/.003
Edition number 20
300 ## - PHYSICAL DESCRIPTION
Dimensions 20 cm.
245 04 - TITLE STATEMENT
Title Bloomsbury good word guide /
Statement of responsibility, etc edited by Martin H. manser
250 ## - EDITION STATEMENT
Edition statement 2nd. ed.
260 ## - PUBLICATION, DISTRIBUTION, ETC. (IMPRINT)
Place of publication, distribution, etc London :
Name of publisher, distributor, etc Bloomsbury Publishing Limited,
Date of publication, distribution, etc 1990.
300 ## - PHYSICAL DESCRIPTION
Extent xv, 317 p. ;
650 #0 - SUBJECT ADDED ENTRY--TOPICAL TERM
Topical term or geographic name as entry element English language
General subdivision Usage
-- Dictionaries.
9 (RLIN) 43038
700 1# - ADDED ENTRY--PERSONAL NAME
Personal name Manser, Martin H.
9 (RLIN) 43574
740 0# - ADDED ENTRY--UNCONTROLLED RELATED/ANALYTICAL TITLE
Uncontrolled related/analytical title Bloomsbury good word guide.
906 ## - LOCAL DATA ELEMENT F, LDF (RLIN)
a 7
b cbc
c orignew
d 1
e ocip
f 19
g y-gencatlg
942 ## - ADDED ENTRY ELEMENTS (KOHA)
Source of classification or shelving scheme Library of Congress Classification
Koha item type REFERENCE
Holdings
Withdrawn status Lost status Source of classification or shelving scheme Damaged status Not for loan Collection code Home library Current library Shelving location Date acquired Total Checkouts Full call number Barcode Date last seen Price effective from Koha item type
    Library of Congress Classification     REFERENCE ARRUPE LIBRARY ARRUPE LIBRARY REFERENCE 22/11/2018   REF. PE1460 .B655 46600002634 22/11/2018 22/11/2018 REFERENCE

 

Arrupe Library. PO Box MP320 Mt Pleasant, Harare, Zimbabwe
263 242 745411|librarian@aju.ac.zw